00704 a2200193 4500003000400000005001700004008004100021020001500062040000900077082002100086100002500107245010700132250001200239260004900251300001000300942004800310952013500358999001700493OSt20240130124923.0240130b |||||||| |||| 00| 0 eng d a8182712785 coclc a909.09821bPER/S aPereira, Winin91936 aSamrajyatwa Bheekaratha: Charithram Varthamanam= Global Parasites /cWinin Pereira and Jeremy Seabrook a2nd ed. aKozhikode:bIslamic Publishing House,c2007. a192p. 2ddccBKh909.09821iPER/Sk909.09821mPER/S 00102ddc40708HISTORYaMESbMEScISLd2024-01-30l0o909.09821 PER/Sp45037r2024-01-30 12:50:04v60.00w2024-01-30yBKzGL47R4 c43375d43375